MARC details
| 000 -LEADER |
| fixed length control field |
01400naa a22003617u 4500 |
| 001 - CONTROL NUMBER |
| control field |
03949 |
| 003 - CONTROL NUMBER IDENTIFIER |
| control field |
HDC |
| 007 - PHYSICAL DESCRIPTION FIXED FIELD--GENERAL INFORMATION |
| fixed length control field |
cr bn ---aaaaa |
| 008 - FIXED-LENGTH DATA ELEMENTS--GENERAL INFORMATION |
| fixed length control field |
210113t2003 nyu 000 0 eng |
| 020 ## - INTERNATIONAL STANDARD BOOK NUMBER |
| International Standard Book Number |
0824740416 (alk. paper) |
| 040 ## - CATALOGING SOURCE |
| Original cataloging agency |
HDC |
| 100 ## - MAIN ENTRY--PERSONAL NAME |
| Personal name |
Christensen, Dale J., |
| Relator term |
author |
| 9 (RLIN) |
3901 |
| 245 #0 - TITLE STATEMENT |
| Title |
Microbial Genomics and Drug Discovery. Chapter 11 : |
| Remainder of title |
Surrogate Ligand-Based Assay Systems for Discovery of Antibacterial Agents for Genomic Targets / |
| Statement of responsibility, etc. |
by Dale J. Christensen and Paul T. Hamilton ; edited by Thomas J. Dougherty and Steven J. Projan |
| 260 ## - PUBLICATION, DISTRIBUTION, ETC. |
| Place of publication, distribution, etc. |
New York : |
| Name of publisher, distributor, etc. |
Marcel Dekker, |
| Date of publication, distribution, etc. |
2003 |
| 300 ## - PHYSICAL DESCRIPTION |
| Extent |
13 pages |
| 336 ## - CONTENT TYPE |
| Content type term |
text |
| Source |
rdacontent |
| 337 ## - MEDIA TYPE |
| Media type term |
computer |
| Source |
rdamedia |
| 338 ## - CARRIER TYPE |
| Carrier type term |
online resource |
| Source |
rdacarrier |
| 500 ## - GENERAL NOTE |
| General note |
Original from book |
| 650 ## - SUBJECT ADDED ENTRY--TOPICAL TERM |
| Topical term or geographic name entry element |
Antibiotics |
| 9 (RLIN) |
904 |
| 650 ## - SUBJECT ADDED ENTRY--TOPICAL TERM |
| Topical term or geographic name entry element |
Drug development |
| 9 (RLIN) |
3859 |
| 650 ## - SUBJECT ADDED ENTRY--TOPICAL TERM |
| Topical term or geographic name entry element |
Gene mapping |
| 9 (RLIN) |
3856 |
| 650 ## - SUBJECT ADDED ENTRY--TOPICAL TERM |
| Topical term or geographic name entry element |
Genomics |
| 9 (RLIN) |
3857 |
| 650 ## - SUBJECT ADDED ENTRY--TOPICAL TERM |
| Topical term or geographic name entry element |
Microbial genetics |
| 9 (RLIN) |
3855 |
| 650 ## - SUBJECT ADDED ENTRY--TOPICAL TERM |
| Topical term or geographic name entry element |
Pharmacogenomics |
| 9 (RLIN) |
3858 |
| 700 ## - ADDED ENTRY--PERSONAL NAME |
| Personal name |
Dougherty, Thomas J., |
| Fuller form of name |
(Thomas John), |
| Dates associated with a name |
1950- |
| Relator term |
editor |
| 9 (RLIN) |
3860 |
| 700 ## - ADDED ENTRY--PERSONAL NAME |
| Personal name |
Hamilton, Paul T., |
| Relator term |
author |
| 9 (RLIN) |
3902 |
| 700 ## - ADDED ENTRY--PERSONAL NAME |
| Personal name |
Projan, Steve J., |
| Relator term |
editor |
| 9 (RLIN) |
3861 |
| 856 ## - ELECTRONIC LOCATION AND ACCESS |
| Public note |
Request full-text at [email protected] |
| 942 ## - ADDED ENTRY ELEMENTS (KOHA) |
| Source of classification or shelving scheme |
Library of Congress Classification |
| 942 ## - ADDED ENTRY ELEMENTS (KOHA) |
| Koha item type |
Chapter in Books |
| 942 ## - ADDED ENTRY ELEMENTS (KOHA) |
| Call number prefix |
EBCH 002634 |